Administratívne zaťaženie na Slovensku diplomová práca

Na minha lista:
Detalhes bibliográficos
Autor principal: Paldanová, Daša
Autor Corporativo: Národohospodárska fakulta EU. Katedra verejnej správy a regionálneho rozvoja
Outros Autores: Černěnko, Tomáš, 1981-
Formato: Livro
Idioma:eslovaco
Publicado em: Bratislava 2011
Tags: Adicionar Tag
Sem tags, seja o primeiro a adicionar uma tag!

MARC

LEADER 00000nbm a2200000 4500
001 0130752
005 20161109101612.6
041 0 |a slo 
044 |a SK 
245 1 0 |a Administratívne zaťaženie na Slovensku  |b diplomová práca  |c Daša Paldanová ; školiteľ: Tomáš Černěnko 
264 1 |a Bratislava  |c 2011 
300 |a 85 s. 
100 1 |a Paldanová, Daša 
700 1 |a Černěnko, Tomáš, 1981- 
710 2 |a Národohospodárska fakulta EU. Katedra verejnej správy a regionálneho rozvoja